000 00275nam a2200121Ia 4500
008 220216s9999 xx 000 0 und d
100 _aFujita K
245 0 _aAnother antarctic rhythm
260 _bNature
_c2011
300 _a45-46
650 _aClimate change
942 _cJS
999 _c54301
_d54301